Make winning a habit

n Make Winning a Habit, Page identifies five universal areas of sales effectiveness-Technique, Technology, Talent, Teamwork and Trust-and demonstrates how they are applied differently to the four levels of sales strategy: Individual Skills, Opportunity Management, Account Management, and Industry/Ma...

Cur síos iomlán

Đã lưu trong:
Sonraí Bibleagrafaíochta
Príomhúdar: Page, Rick
Formáid: Leabhar
Teanga:Undetermined
Foilsithe: New York McGraw-Hill 2006
Ábhair:
Clibeanna: Cuir Clib Leis
Gan Chlibeanna, Bí ar an gcéad duine leis an taifead seo a chlibeáil!
Thư viện lưu trữ: Trung tâm Học liệu Trường Đại học Cần Thơ
LEADER 01058nam a2200205Ia 4500
001 CTU_164481
008 210402s9999 xx 000 0 und d
020 |c 24.95 
082 |a 658.8 
082 |b P132 
100 |a Page, Rick 
245 0 |a Make winning a habit 
245 0 |c by Rick Page 
260 |a New York 
260 |b McGraw-Hill 
260 |c 2006 
520 |a n Make Winning a Habit, Page identifies five universal areas of sales effectiveness-Technique, Technology, Talent, Teamwork and Trust-and demonstrates how they are applied differently to the four levels of sales strategy: Individual Skills, Opportunity Management, Account Management, and Industry/Market Messaging. The result is over 20 best practices from the top sales organizations around the world. Page then shows you how to take these practices and turn them into winning results 
650 |a Sales management,Quản trị bán hàng,Quan hệ khách hàng,Selling,Customer relations 
910 |a Nguyên 
980 |a Trung tâm Học liệu Trường Đại học Cần Thơ